000 00598cam a2200193 4500500
005 20260329003631.0
041 _afre
042 _adc
100 1 0 _aPortevin, Catherine
_eauthor
245 0 0 _aUne histoire du silence. De la Renaissance à nos jours
260 _c2016.
500 _a80
690 _aAlain Corbin
690 _aMétaphysique
690 _aRenaissance
690 _aSilence
786 0 _nPhilosophie magazine | 99 | 5 | 2016-05-01 | p. 76-76 | 1951-1787
856 4 1 _uhttps://shs.cairn.info/magazine-philosophie-magazine-2016-5-page-76?lang=fr&redirect-ssocas=7080
999 _c1826260
_d1826260